| 000 | 00921nam a2200217 a 4500 | ||
|---|---|---|---|
| 001 | 000137479 | ||
| 003 | AM-YEHGA | ||
| 005 | 20250617122839.0 | ||
| 008 | 990713s1977 ru a|||gr|||||||||0|rus|d | ||
| 040 | _aAM-YeHGA | ||
| 041 | 0 | _arus | |
| 245 | 0 | 0 |
_aОптимизация развития и размещения нефтегазовой промышленности : _b[Сборник статей] / _cОтв. ред. Ю.И. Максимов, З.Р. Цимдина. |
| 260 |
_aНовосибирск : _bНаука. Сиб. отд-ние, _c1977. |
||
| 300 |
_a181 с. : _bил. |
||
| 440 | 0 | _aОптимизация развития и размещения производства | |
| 650 | 1 | 4 | _aГорное дело |
| 700 | 1 |
_aМаксимов, Юрий Иванович _eред. _4edt |
|
| 700 | 1 |
_aЦимдина, Зинаида Рихардовна _eред. _4edt |
|
| 942 |
_2udc _cBK |
||
| 090 | _c46855 | ||
| 999 |
_c46109 _d46109 |
||